000 00850nam a2200253Ia 4500
003 OSt
005 20220923215745.0
006 a|||||r|||| 00| 0
007 ta
008 220922b |||||||| |||| 00| 0 hin d
024 _a181,542
037 _cTextual
040 _aARTS
_cARTS
_bhin
041 _2hin
_ahin
082 _aO152,1N08,25:g, M5
100 _aमिश्र, कमला प्रसाद
245 0 _aगीति नाट्स और उर्वशी
246 _aGīti nāṭsa aur urvashī
260 _aकानपुर
_b साहित्य निकेतन
_c1985
300 _a228 पृ.
_ccm.
650 _aहिन्दी साहित्य
_9156264
942 _hO152,1N08,25:g, M5
_cTEXL
_2CC
999 _c334919
_d334919